[Event "POL-ch U16 Girls"]
[Site "Jastrzebia Gora"]
[Date "2023.??.??"]
[Round "3"]
[White "Idzior, Izabela"]
[Black "Nieckarz, Maja"]
[Result "0-1"]
[WhiteElo "1287"]
[BlackElo "1493"]
[PlyCount "40"]
[EventDate "2023.03.11"]
[EventType "swiss"]
[EventRounds "9"]
[EventCountry "POL"]
[SourceTitle "CBM 213 Extra"]
[Source "ChessBase"]
[SourceDate "2023.05.31"]
[SourceVersion "1"]
[SourceVersionDate "2023.05.31"]
[SourceQuality "1"]

1. e4 c5 2. Nf3 d6 3. d4 cxd4 4. Nxd4 Nf6 5. Nc3 g6 6. Be3 Bg7 7. f3 Nc6 8. Qd2 0-0 9. 0-0-0 d5 10. Nxc6 bxc6 11. g4 Qa5 12. h4 dxe4 13. g5 Nh5 14. Nxe4 Qxa2 15. Qb4 Qa1+ 16. Kd2 Qxb2 17. Qxe7 Bf5 18. Rc1 Bxe4 19. fxe4 Ng3 20. Rg1 Qc3+ 0-1

[Event "POL-ch U16 Girls"]
[Site "Jastrzebia Gora"]
[Date "2023.??.??"]
[Round "6"]
[White "Nieckarz, Maja"]
[Black "Lazniewska, Zofia"]
[Result "0-1"]
[WhiteElo "1493"]
[BlackElo "1621"]
[PlyCount "142"]
[EventDate "2023.03.11"]
[EventType "swiss"]
[EventRounds "9"]
[EventCountry "POL"]
[SourceTitle "CBM 213 Extra"]
[Source "ChessBase"]
[SourceDate "2023.05.31"]
[SourceVersion "1"]
[SourceVersionDate "2023.05.31"]
[SourceQuality "1"]

1. e4 c5 2. Nf3 Nc6 3. d4 cxd4 4. Nxd4 g6 5. Nc3 Bg7 6. Be3 Nf6 7. Bc4 0-0 8. Bb3 d5 9. Bxd5 Ng4 10. 0-0 Nxd4 11. Bxd4 Bxd4 12. Qxd4 e6 13. e5 exd5 14. h3 Nh6 15. Nxd5 Nf5 16. Qc5 Be6 17. Nf6+ Kg7 18. Rad1 Qc8 19. Qb4 Qc6 20. Qf4 Qc4 21. Qg5 h6 22. Qd2 Rac8 23. c3 Rc5 24. Rfe1 Qb5 25. Qf4 Rc4 26. Re4 Rxe4 27. Nxe4 Qa4 28. Rd2 Qxa2 29. g4 Qb1+ 30. Kh2 g5 31. Nxg5 hxg5 32. Qxg5+ Kh7 33. gxf5 Qxf5 34. Qh4+ Kg7 35. f4 f6 36. Rg2+ Kf7 37. exf6 Qxf6 38. Qh5+ Ke7 39. Qc5+ Ke8 40. Qb5+ Bd7 41. Re2+ Kd8 42. Qa5+ b6 43. Qg5 Qxg5 44. fxg5 Rf3 45. Rg2 Rxh3+ 46. Kg1 Bc6 47. Rg4 Ke7 48. Kf2 Rh2+ 49. Ke3 Rxb2 50. Rh4 Kf8 51. Rh7 a5 52. g6 Rg2 53. Rf7+ Kg8 54. Rf6 Bd5 55. Rxb6 a4 56. Kd4 Bb3 57. Kc5 Rg4 58. Ra6 Kg7 59. Rb6 Rc4+ 60. Kb5 a3 61. Rb7+ Kxg6 62. Re7 a2 63. Re1 Ra4 64. Ra1 Kf5 65. Kc5 Ke4 66. Kb5 Kd3 67. c4 Rxc4 68. Rh1 Kc3 69. Rh3+ Kb2 70. Rh2+ Rc2 71. Rxc2+ Bxc2 0-1

[Event "POL-ch U14 Girls"]
[Site "Uniejow"]
[Date "2021.07.21"]
[Round "5"]
[White "Tokarz, Izabela"]
[Black "Nieckarz, Maja"]
[Result "1-0"]
[WhiteElo "1681"]
[BlackElo "1430"]
[PlyCount "83"]
[EventDate "2021.07.18"]
[EventType "swiss"]
[EventRounds "9"]
[EventCountry "POL"]
[SourceTitle "EXT 2022"]
[Source "ChessBase"]
[SourceDate "2021.10.06"]
[SourceVersion "1"]
[SourceVersionDate "2021.10.06"]
[SourceQuality "1"]

1. d4 Nf6 2. c4 g6 3. Nc3 Bg7 4. e4 d6 5. h3 0-0 6. Bg5 c6 7. Be2 Nbd7 8. Qd2 a6 9. g4 b5 10. cxb5 cxb5 11. b4 Bb7 12. f3 Rc8 13. Rc1 Nb6 14. h4 Nc4 15. Bxc4 Rxc4 16. a3 Qb6 17. Nge2 Rfc8 18. h5 a5 19. hxg6 fxg6 20. Rh3 axb4 21. axb4 Rxb4 22. Bxf6 exf6 23. Nd5 Rxc1+ 24. Nxc1 Qxd4 25. Qxb4 Qg1+ 26. Kd2 Qg2+ 27. Ne2 Qxh3 28. Qxd6 Bxd5 29. Qd8+ Bf8 30. Qxd5+ Kg7 31. Qd7+ Kh6 32. g5+ fxg5 33. Qxh3+ Kg7 34. Qd7+ Kh6 35. Qxb5 Bd6 36. e5 Be7 37. e6 Bf6 38. Qd7 Bg7 39. e7 Bf6 40. e8Q Bb2 41. Qf8+ Kh5 42. Qh3# 1-0

[Event "POL-ch U14 Girls"]
[Site "Uniejow"]
[Date "2021.07.19"]
[Round "1"]
[White "Dallemura, Julia"]
[Black "Nieckarz, Maja"]
[Result "0-1"]
[WhiteElo "1196"]
[BlackElo "1430"]
[PlyCount "134"]
[EventDate "2021.07.18"]
[EventType "swiss"]
[EventRounds "9"]
[EventCountry "POL"]
[SourceTitle "EXT 2022"]
[Source "ChessBase"]
[SourceDate "2021.10.06"]
[SourceVersion "1"]
[SourceVersionDate "2021.10.06"]
[SourceQuality "1"]

1. e4 c5 2. Nf3 d6 3. Bb5+ Bd7 4. Bxd7+ Qxd7 5. c4 Nc6 6. 0-0 g6 7. d3 Bg7 8. a3 Nf6 9. Nc3 0-0 10. h3 Qd8 11. Nh2 Nd7 12. Nd5 a6 13. Rb1 b5 14. b4 cxb4 15. axb4 Nb6 16. Be3 Nxd5 17. cxd5 Nb8 18. Qd2 Nd7 19. Bh6 Ne5 20. Bxg7 Kxg7 21. f4 Qb6+ 22. Kh1 Nd7 23. Rfc1 Rfc8 24. Nf3 Nf6 25. Kh2 Rxc1 26. Rxc1 a5 27. Rc6 Qa7 28. bxa5 Qxa5 29. Qxa5 Rxa5 30. Rb6 Nh5 31. Nd4 Nxf4 32. Nxb5 Nxd3 33. Nc7 Nc5 34. Rb4 Kf6 35. Nb5 Ra8 36. Nc3 Ra3 37. Rc4 Ke5 38. h4 Ra1 39. Kg3 Rf1 40. Rb4 Rf4 41. Rb8 Nxe4+ 42. Nxe4 Rxe4 43. Rf8 f6 44. Rf7 Kxd5 45. Rxh7 Ke6 46. Rg7 Kf5 47. Kh3 e6 48. g3 d5 49. Kg2 d4 50. Kf3 Re3+ 51. Kf2 Re4 52. Kf3 e5 53. Rg8 Rg4 54. Rd8 e4+ 55. Kf2 d3 56. Rd6 Ke5 57. Rd8 f5 58. Re8+ Kd4 59. Rd8+ Kc3 60. Rc8+ Kd2 61. Re8 f4 62. gxf4 Rxf4+ 63. Kg3 Rf3+ 64. Kg4 Ke3 65. Rd8 d2 66. Kg5 Rg3+ 67. Kf6 Ke2 0-1

[Event "Ustron op-C"]
[Site "Ustron"]
[Date "2020.08.15"]
[Round "1"]
[White "Ziemski, Przemyslaw"]
[Black "Nieckarz, Maja"]
[Result "0-1"]
[WhiteElo "1699"]
[BlackElo "1306"]
[PlyCount "68"]
[EventDate "2020.08.15"]
[EventType "swiss"]
[EventRounds "9"]
[EventCountry "POL"]
[SourceTitle "EXT 2021"]
[Source "ChessBase"]
[SourceDate "2020.10.23"]
[SourceVersion "1"]
[SourceVersionDate "2020.10.23"]
[SourceQuality "1"]

1. e4 c5 2. c4 Nc6 3. Nc3 g6 4. g3 Bg7 5. Bg2 e6 6. Nge2 d6 7. 0-0 Nge7 8. d3 0-0 9. Rb1 Rb8 10. Be3 b6 11. a3 Bb7 12. b4 f5 13. f4 Nd4 14. b5 Kh8 15. Bf2 Rc8 16. Qd2 Rc7 17. Nd1 Qa8 18. Nxd4 cxd4 19. Re1 fxe4 20. Bxe4 Bxe4 21. dxe4 e5 22. Nb2 Qc8 23. Rbc1 Qg4 24. Kg2 exf4 25. Bxd4 f3+ 26. Kf2 Qh3 27. Bxg7+ Kxg7 28. Rh1 Qg2+ 29. Ke3 f2 30. Qe2 Nf5+ 31. Kd3 Nh6 32. Rcf1 Rcf7 33. Nd1 Rf3+ 34. Ne3 Ng4 0-1